1914 1028 1376 1635 1721 1022 1991 1877 1854 1129 1431 1507 1098 1508 1933 1777 1849 1368 1503 1300 1833 1703 1991 1087 1039 1621 1369 1081 1508 1059 1223 1288 1641 1297 1660 1367 1920 1314 1649 1754 1618 1158 1502 1455 1829 1452 1350 1123 1395 1134 1018 1547 1570 1848 1262 1907 1977 1869 1304 1489 1839 1183 1680 1179 1729 1130 1815 1685 1538 1604 1134 1681 1575 1588 1873 1010 1017 1900 1502 1773 1393 1978 1580 1592 1194 1918 1705 1439 1147 1158 1104 1731 1362 1818 1710 1094 1493 1309 1734 BCNSPRNW ULIB Ver.6.0+V

เปลี่ยนเป็นภาษาไทย

Change to English
 แสดงรายละเอียดบรรณานุกรม
  กลับหน้าหลัก

Brief Record : Get Marc (ISO 2709) : E-mail record : QR code < ปิดหน้าต่าง
LEADER : 00000nam 2200000uu 4500
001    13399122616
003     ULIB
008    130819s2554||||th 000 0 tha d
020    9786162430345
060  4 WL342^bป711ส^c2554
100 0  เปรมฉัตร ปิงวิทฐากรณ์
245 00 สารพัดข้อบ่งชี้อาการปวดหัวนำสู่โรคร้ายนับร้อย^cเปรมฉัตร ปิงวิทฐากรณ์
260    กรุงเทพฯ:^bFeel good,^c2554
300    224 หน้า:^bภาพประกอบ,^c21 ซม.
650  0 ปวดศีรษะ
945    ^p170^l0^i033805
945    ^p170^l0^i033806
945    ^p170^l0^i033807
999    ^aเกษร โพธิ์สุวรรณ
รายการนี้ยังไม่มีแท็ก
คุณยังไม่ได้ล็อกอิน คุณสามารถมีกิจกรรมร่วมกับเว็บไซต์ได้ แต่ต้องล็อกอินก่อน ::
  ล็อกอิน

รายการสื่อสารสนเทศ

ลำดับที่ ประเภท เลขเรียก/บาร์โค้ด สถานที่ สถานะ
1. วิทยาศาสตร์การแพทย์ และสุขภาพ
หนังสือสำรอง
สถานะ=หนังสือสำรอง
WL342 ป711ส 2554 ฉ.1 
  Barcode: 033805
ห้องสมุดวิทยาเขตสวรรค์ประชารักษ์
►ส่วนจัดเก็บหนังสือเก่า สปร
บนชั้น
  ขอยืม
2. วิทยาศาสตร์การแพทย์ และสุขภาพ
วิทยาศาสตร์การแพทย์ และสุขภาพ
WL342 ป711ส 2554 ฉ.2 
  Barcode: 033806
ห้องสมุดวิทยาเขตสวรรค์ประชารักษ์
►ส่วนจัดเก็บหนังสือเก่า สปร
บนชั้น
  ขอยืม
3. วิทยาศาสตร์การแพทย์ และสุขภาพ
วิทยาศาสตร์การแพทย์ และสุขภาพ
WL342 ป711ส 2554 ฉ.3 
  Barcode: 033807
ห้องสมุดวิทยาเขตสวรรค์ประชารักษ์
►ส่วนจัดเก็บหนังสือเก่า สปร
บนชั้น
  ขอยืม

รายการใกล้เคียง
    หัวเรื่อง [ปวดศีรษะ]

BibComment


ยังไม่เคยถูกคอมเมนท์

คอมเมนท์ทรัพยากรรายการนี้
  คอมเมนท์: สารพัดข้อบ่งชี้อา..


 Copyright 2026. Bcnsprnw @Library